Africa in the 1980s <A> Continent in Crisis

Salvato in:
Dettagli Bibliografici
Natura: Libro
Lingua:inglese
Pubblicazione: New York MacGraw-Hill Book Co. 1980
Edizione:1. ed.
Tags: Aggiungi Tag
Nessun Tag, puoi essere il primo ad aggiungerne!!

MARC

LEADER 00000nam a2200000 4500
001 c028353
005 20221220101234.5
041 0 |a eng 
044 |a US 
245 1 0 |a Africa in the 1980s  |b <A> Continent in Crisis 
250 |a 1. ed. 
264 1 |a New York  |b MacGraw-Hill Book Co.  |c 1980 
300 |a 232 s.